000 00422nam a2200157 4500
001 3558
005 20181127171453.0
020 0 0 _a
090 0 0 _a241.3 N2185e 1993
245 0 0 _aThe essence of Buddhism /
_b
_cP. Lakshmi Narasu.
_h
260 0 0 _aNew Delhi :
_bAsian Educational Services,
_c1993.
300 0 0 _aix, 312 p. ; 21 cm.
500 0 0 _a
650 0 0 _aBuddhism --Doctrines.
_x
650 0 0 _aBuddhism --Study and teaching.
_x
999 _c2895
_d2895